| 000 | 01092cam a2200325 i 4500 | ||
|---|---|---|---|
| 001 | 4918934 | ||
| 003 | EG-ScBUE | ||
| 005 | 20240423114016.0 | ||
| 008 | 830404r19831982njua f bd f00110 eng d | ||
| 020 | _a9780691101347 | ||
| 020 | _a0691101345 | ||
| 040 |
_aCTU _beng _erda _cCTU _dEG-ScBUE |
||
| 043 | _aa-ir--- | ||
| 082 | 0 | 4 |
_222 _a955.05 _bABR |
| 100 | 1 |
_aAbrahamian, Ervand, _d1940- _eauthor. _94712 |
|
| 245 | 1 | 0 |
_aIran between two revolutions / _cErvand Abrahamian. |
| 250 | _aSecond printing with corrections. | ||
| 264 | 1 |
_aPrinceton, New Jersey : _bPrinceton University Press, _c1983. |
|
| 300 |
_axiii, 561 pages : _billustrations ; _c24 cm |
||
| 336 |
_2rdacontent _atext _btxt |
||
| 337 |
_aunmediated _2rdamedia _bn |
||
| 338 |
_avolume _bnc _2rdacarrier |
||
| 500 | _aIncludes glossary. | ||
| 504 | _aIncludes bibliographical references and index. | ||
| 651 | 7 |
_aIran _xPolitics and government _y20th century. _2BUEsh _931538 |
|
| 651 | 7 |
_aIran _xSocial conditions. _2BUEsh _99482 |
|
| 653 |
_bBUSBOL _cJuly2015 _cJanuary2016 |
||
| 655 | _vReading book | ||
| 942 |
_2ddc _cBB |
||
| 999 |
_c20296 _d20268 |
||